Un home vermell
Descripción Física:
6 làm. soltes : il. col ; 25 x 31 cm
Idioma:
Catalán
MARC
| LEADER | 00000nam a22000007a 4500 | ||
|---|---|---|---|
| 001 | 24887 | ||
| 003 | AGDB | ||
| 005 | 20260324181537.0 | ||
| 008 | 251021b spa||||| |||| 00| 0 cat d | ||
| 245 | |a Un home vermell | ||
| 260 | |a [Llucalcari] : |b Amics de Llucalcari , |c 1996 | ||
| 300 | |a 6 làm. soltes : |b il. col ; |c 25 x 31 cm | ||
| 500 | |a Prové del fons Joan Junyer i Pascual (1909-1994) | ||
| 600 | 0 | |a Junyer, Joan, |d 1904-1994 |2 cantic |9 53028 | |
| 650 | |a Fons Joan Junyer i Pascual (1909-1994) |9 72777 | ||
| 700 | |a Ribas, Ferran |9 72567 |e conceptualització | ||
| 700 | |a Thomàs, Gabriel |9 72568 |e conceptualització i formalització | ||
| 710 | |a Amics de Llucalcari |9 72569 | ||
| 942 | |2 udc |c ARXIU |n 1 | ||
| 952 | |0 0 |1 0 |4 0 |6 F504101 |7 1 |9 98515 |a Arxiu |b Arxiu |d 2025-10-21 |l 0 |o F-504-101 |p 24887 |r 2025-10-21 10:23:03 |w 2025-10-21 |y ARXIU | ||
| 999 | |c 130268 |d 130268 | ||